000 00546nam a22001577a 4500
008 130821s1931 be gr eng
040 _aCo-BoUCM
_bspa
041 0 0 _aeng
100 _aElisabeth De La Trinite, Soeur
_9149861
245 0 0 _aOmon Dieu
_btrinité que j'adore : Elevations
_cSoeur Elisabeth de la Trinité
260 _aNamur (Bélgica)
_bEditions Ad. Wesmael-Charlier
_c1931
300 _a247 páginas
500 _aNotas a pie de página
942 _cLIBRO
_a4
_e1
_mE54
_n0
_2DEWEY
_h296.4
999 _c86324
_d86324